000 01028nam a22002537a 4500
003 0
005 20251111152933.0
008 251111b xxu||||| |||| 00| 0 eng d
020 _a0-671-88785-8
050 _aDA 591.A3
_b.R45 1997
100 _aReisfeld, Randi,
_eauthor.
245 _aPrince William :
_bthe boy who will be king : an unauthorized biography /
_cRandi Reisfeld.
250 _aArchway paperback edition.
260 _aNew York :
_bPocket Books,
_c1997.
300 _a159 pages :
_bcolored illustrations ;
_c18 cm.
500 _a"An Archway Paperback"—Cover.
504 _aIncludes bibliographical references.
520 _aA biography of Prince William that explores his childhood, family background in the British royal family, and his public life as heir to the throne.
600 _aWilliam, Prince of Wales,
_d1982-
_xBiography.
650 _aPrinces
_zGreat Britain
_vBiography.
650 _aMonarchy
_zGreat Britain
_xHistory.
650 _aGreat Britain
_xHistory
_y20th century.
942 _2lcc
_cBK
999 _c368590
_d368590